| 000 | 01004nam0a22002771 4500 | ||
|---|---|---|---|
| 001 | RU\NLR\INFOCOMM_46\5000716851 | ||
| 005 | 20250613095041.0 | ||
| 035 | _a(NLR Aleph) 009283430 | ||
| 090 |
_a9175456 _c9175456 |
||
| 100 | _a20100921d1977 |||y0rusy50 ca | ||
| 101 | 0 | _ager | |
| 102 | _aRU | ||
| 105 | _ay ||||000|y | ||
| 200 | 1 |
_aEinige Aspekte der Lage der Sowjetfrauen _dНекоторые аспекты положения советских женщин _fKom. der Sowjetfrauen _zrus |
|
| 210 |
_aΜ. _d1977 |
||
| 215 |
_a13 с. _d21 см |
||
| 300 | _aНа обл. наклейка с загл. и надзаг. на рус. яз. | ||
| 510 | 1 |
_aНекоторые аспекты положения советских женщин _zrus |
|
| 606 |
_aЖенщина _yСССР _2nlr_sh1 |
||
| 686 |
_aТ3(2)73-297 _2rubbk |
||
| 712 | 0 | 2 |
_aKomitee der Sowjetfrauen _cMoskau _4570 |
| 801 | 1 |
_aRU _bNLR _c20100921 |
|
| 801 | 0 |
_aRU _bNLR _gPSBO |
|
| 852 |
_aNLR _jИр51 Д-4/261 |
||
| 942 | _cBOOK | ||
| 980 | _aNB | ||